Days at the Morisaki bookshop / (Record no. 50214)
| 000 -LEADER | |
|---|---|
| fixed length control field | 00786pam a22002171i 4500 |
| 001 - CONTROL NUMBER | |
| control field | 021043045 |
| 005 - DATE AND TIME OF LATEST TRANSACTION | |
| control field | 20260227080021.0 |
| 008 - FIXED-LENGTH DATA ELEMENTS--GENERAL INFORMATION | |
| fixed length control field | 230322s2023 enk o 000|f|eng d |
| 020 ## - INTERNATIONAL STANDARD BOOK NUMBER | |
| Cancelled/invalid ISBN | 1786583232 |
| Qualifying information | paperback |
| 041 1# - LANGUAGE CODE | |
| Language code of text/sound track or separate title | eng |
| Language code of original and/or intermediate translations of text | jpn |
| 100 1# - MAIN ENTRY--PERSONAL NAME | |
| Personal name | Yagisawa, Satoshi, |
| Relator term | author. |
| 9 (RLIN) | 87254 |
| 245 10 - TITLE STATEMENT | |
| Title | Days at the Morisaki bookshop / |
| Statement of responsibility, etc | Satoshi Yagisawa. |
| 260 ## - PUBLICATION, DISTRIBUTION, ETC. (IMPRINT) | |
| Place of publication, distribution, etc | London: |
| Name of publisher, distributor, etc | Manila Press; |
| Date of publication, distribution, etc | 2025. |
| 300 ## - PHYSICAL DESCRIPTION | |
| Extent | 169 p. |
| 500 ## - GENERAL NOTE | |
| General note | Translated from the Japanese. |
| 650 #7 - SUBJECT ADDED ENTRY--TOPICAL TERM | |
| Topical term or geographic name as entry element | ANTIQUES & COLLECTIBLES / Books |
| Geographic subdivision | Chiyoda-ku (Tokyo, Japan). |
| 9 (RLIN) | 87255 |
| 650 #7 - SUBJECT ADDED ENTRY--TOPICAL TERM | |
| Topical term or geographic name as entry element | LANGUAGE ARTS & DISCIPLINES / Library & Information Science / Archives & Special Libraries |
| 9 (RLIN) | 87256 |
| 655 ## - INDEX TERM--GENRE/FORM | |
| Genre/form data or focus term | Contemporary/ Realistic Fiction. |
| 9 (RLIN) | 82929 |
| 700 ## - ADDED ENTRY--PERSONAL NAME | |
| Relator code | Translator. |
| Personal name | Eric Ozawa. |
| 9 (RLIN) | 87257 |
| 942 ## - ADDED ENTRY ELEMENTS (KOHA) | |
| Source of classification or shelving scheme | |
| Koha item type | YA FIC BOOKS |
| Withdrawn status | Lost status | Source of classification or shelving scheme | Damaged status | Not for loan | Collection code | Home library | Current library | Date acquired | Total Checkouts | Full call number | Barcode | Date last seen | Date checked out | Price effective from | Koha item type |
|---|---|---|---|---|---|---|---|---|---|---|---|---|---|---|---|
| SECONDARY | Asian Hope Secondary Library | Asian Hope Secondary Library | 02/27/2026 | 1 | YA FIC YAG | 210798 | 04/21/2026 | 04/10/2026 | 02/27/2026 | YA FIC BOOKS |